01121 2200373 4500001002100000005001500021035002000036007000300056040001600059100003100075245007400106250001300180300004000193504002800233020001800261041000800279082000800287084001400295090002000309264004300329336002100372337003000393338002300423500003200446650001200478700004600490700004700536700004400583850001000627008004100637990002300678990002300701990002300724INLIS00000000000754020260602095405 a0010-0922000029ta aSBUPADbind0 aRama PrihandanaePengarang1 aMeraup Untung dari Jarak Pagar /cRama Prihandana; penyunting, Astuti a.-Cet. 1 axxii, 108 hlm :bilus ;c15 x 23 cm aBibliografi, hlm 97-100 a979-006-044-007aind a635 a635 RAM m a635 RAM m L19-6 a.--Jakarta :bAgromedia Pustaka,c2007 2rdacontentateks 2rdamediaatanpa perantara 2rdacarrieravolume aTentang Penulis hlm 104-107 4aTanaman0 aPengarang ke-2, Erliza HambaliePengarang0 aPengarang ke-3, Siti MujdalipahePengarang0 aPengarang ke-3, Roy HendrokoePengarang aPUPAD260602 0  a001A/Br/Arpus/2008 a001B/Br/Arpus/2008 a001C/Br/Arpus/2008